Norwich City Alphabet Of Names (1990–2024) - Statistics

General Stats
  • This quiz has been taken 13 times
  • The average score is 20 of 25
Answer Stats
Answer % Correct
P 18 Daniel Pacheco | Kevin Parker | Scott Parker | Felix Passlack | Matty Pattison | Alex Pearce | Adrian Pennock | Paul Peschisolido | Mark Peters | Gerry Peyton | David Phillips | Anthony Pilkington | Ivo Pinto | Przemysław Płacheta | John Polston | Lee Power | Alex Pritchard | Teemu Pukki
100%
M 39 James Maddison | Emiliano Marcondes | Marquinhos | David Marshall | Russell Martin | Dieumerci Mbokani | Cody McDonald | Michael McGovern | Leon McKenzie | Kenny McLean | Paul McVeigh | Danny Mills | Steve Morison | Carlton Morris | Henrik Mortensen | Philip Mulryne | + 23 players
100%
H 29 Jon Hallworth | Elvis Hammond | Grant Hanley | Paul Hayes | David Healy | Paul Heckingbottom | Thomas Helveg | Ian Henderson | Onel Hernández | Brad Hills | Grant Holt | Wes Hoolahan | Gary Hooper | Jonny Howson | Darren Huckerby | Stephen Hughes | Jordan Hugill | + 12 players
100%
A 14 Max Aarons | Zema Abbey | Neil Adams | Tom Adeyemi | Ade Akinbiyi | Ben Alnwick | Ibrahim Amadou | Forson Amankwah | Tony Andreu | Cédric Anselin | Jamie Ashdown | Jens Berthel Askou | Dean Ashton | Daniel Ayala
100%
R 22 Sean Raggett | Milot Rashica | Nathan Redmond | Kris Renton | Jordan Rhodes | Mark Rivers | Iwan Roberts | Carl Robinson | David Rocastle | Robert Rosario | Michael Rose | Jonathan Rowe | Declan Rudd | John Ruddy | Lukas Rupp | Matthew Rush | Darel Russell | + 5 players
100%
E 13 Darren Eadie | Robert Eagle | Robert Earnshaw | Clint Easton | Marcus Edwards | Rob Edwards | Marc Edworthy | Efan Ekoku | Stephen Elliott | Johan Elmander | Neil Emblen | Dickson Etuhu | Ched Evans
86%
C 29 Mo Camara | Lee Camp | Sergi Canós | Todd Cantwell | Luke Chadwick | Simon Charlton | Ben Chrisene | Sammy Clingan | Adrian Coote | José Córdoba | Tony Cottee | Paul Crichton | Ante Crnac | Lee Croft | Andrew Crofts | Ian Crook | Peter Crouch | Ian Culverhouse | Jamie Cureton | + 10 players
86%
K 11 Ozan Kabak | Abu Kamara | Kei Kamara | Harry Kane | John Kennedy | Darren Kenton | Chris Killen | Cameron King | Timm Klose | Omar Koroma | Tim Krul
86%
B 36 Patrick Bamford | Ashley Barnes | Leon Barnett | Sébastien Bassong | Danny Batth | Luciano Becchio | Darren Beckford | Craig Bellamy | Elliott Bennett | Ryan Bennett | David Bentley | Jean-Yves de Blasiis | Mark Bowen | Robbie Brady | Emi Buendía | Ian Butterworth | Sam Byram | + 19 players
86%
D 17 Paul Dalglish | Luke Daley | Calum Davenport | Josh Dawkin | Ritchie De Laet | Fernando Derveld | Mitchell Dijks | Gary Doherty | Graham Dorrans | Kieran Dowell | Callum Doyle | Josip Drmić | Adam Drury | Dion Dublin | Ondrej Duda | Shane Duffy | Dario Đumić
86%
F 17 Ralf Fährmann | Akin Famewo | Christian Fassnacht | Neale Fenn | Leroy Fer | Kellen Fisher | Robert Fleck | Craig Fleming | Adrian Forbes | Fraser Forster | Mark Fotheringham | David Fox | Ruel Fox | George Francomb | Marcel Franke | Damien Francis | Erik Fuglestad
86%
W 24 Raymond de Waard | Steve Walsh | Mark Walton | Elliott Ward | Tony Warner | Michael Watt | Darren Way | Jaden Warner | Zak Whitbread | Jim Whitley | Steven Whittaker | Rhoys Wiggins | Aaron Wilbraham | Yanic Wildschut | Andre Wisdom | Colin Woodthorpe | David Wright | + 7 players
86%
T 13 Robert Taylor | Alexander Tettey | Michael Theoklitos | Jordan Thomas | Louis Thompson | Peter Thorne | Marc Tierney | Harry Toffolo | Jonathan Tomkinson | Simon Tracey | Tom Trybull | Michael Turner | Christos Tzolis
86%
V 6 Sydney van Hooijdonk | Ricky van Wolfswinkel | James Vaughan | Juan Velasco | Sam Vokes | Mario Vrančić
86%
S 41 Youssef Safri | Borja Sainz | Gabriel Sara | Jason Shackell | Mike Sheron | Tim Sherwood | Danel Sinani | Oliver Skipp | Anis Ben Slimane | Jacob Sørensen | Korey Smith | Robert Snodgrass | Jack Stacey | Dejan Stefanović | Daryl Sutch | Chris Sutton | Mathias Svensson | + 24 players
86%
I 1 Adam Idah
71%
L 18 Kyle Lafferty | Henri Lansbury | Simon Lappin | Alan Lee | Arran Lee-Barrett | Pierre Lees-Melou | Adrian Leijer | Moritz Leitner | Jamal Lewis | Joe Lewis | Marc Libbra | Kevin Lisbie | Leroy Lita | Chris Llewellyn | George Long | Matthieu Louis-Jean | Jamar Loza | Arturo Lupoli
71%
J 13 Matt Jackson | Simeon Jackson | Matt Jarvis | Rossi Jarvis | Ryan Jarvis | Cameron Jerome | Jonatan Johansson | Andy Johnson | Bradley Johnson | Oli Johnson | Owain Tudur Jones | Paul Jones | Mattias Jonson
71%
G 24 Paul Gallacher | Javier Garrido | Danny Gay | Gaetano Giallanza | Dimitris Giannoulis | Liam Gibbs | Ben Gibson | Matt Gilks | Billy Gilmour | Ben Godfrey | Jeremy Goss | Lewis Grabban | Peter Grant | Danny Granville | Robert Green | Angus Gunn | Bryan Gunn | Jonás Gutiérrez | + 6 players
71%
O 9 Vadis Odjidja-Ofoe | Nélson Oliveira | Martin Olsson | Andrew Omobamidele | Elliot Omozusi | Gary O'Neil | Keith O'Neill | Jon Otsemobor | Ulf Ottosson
71%
Z 1 Christoph Zimmermann
57%
U 2 Hwang Ui-jo | Robert Ullathorne
57%
N 9 Steven Naismith | Kyle Naughton | Steen Nedergaard | Michael Nelson | Rob Newman | David Nielsen | Mathias Normann | Alex Notman | Marcelino Núñez
57%
Q 1 Xavi Quintillà
57%
Y 1 Joseph Yobo
29%
No matching quizzes found
Score Distribution
Percent of People with Each Score
Percentile by Number Answered
Your Score History
You have not taken this quiz